000 nam a22 7a 4500
999 _c22613
_d22613
008 170124b xxu||||| |||| 00| 0 eng d
050 _aHQ 1067 .A53 1972
100 _aAndelin, Aubrey.
245 _aMan of steel and velvet/
_cAubrey P. Andelin.
300 _a316p. :
_bill. ;
_c23cm.
500 _aInclude index.
650 _aMen.
650 _aMen
_xpsychology.
650 _aPersonality.
942 _2lcc
_cBOOKS